• 首页
  • 本馆介绍
  • 公告通知
  • 最新文献
  • 馆藏检索
  • 电子资源
  • 读者导购
  • 参考咨询
  • 我的图书馆
  • 登录
  • 详细信息显示
  • 放入我的书架
  • 预约/预借图书
  • 作者相关作品
  • 分类相关作品
  • 丛书相关作品
  • 出版社相关作品

书目信息

  • 表格格式
  • 工作单格式
  • 卡片格式
题名:
腐蚀与辐照
    
 
作者: 格拉西莫夫 著 ;卢大容 译
分册:  
出版信息: 北京   原子能出版社  1974
页数: 263页
开本: 20cm
丛书名:
单 册:
中图分类: TL34
科图分类:
主题词: 反应堆材料 , 反应堆材料--性能
电子资源:
ISBN:
000 00703nam0 2200241 450
001 0657357400
005 20060302161416.56
010    @dCNY1.15
091    @a15175.017
100    @a20060302d1974 km y0chiy0120 ea
101 0  @achi
102    @aCN@b110000
102    @aCN@b110000
200 1  @a腐蚀与辐照@Afu shi yu fu zhao@f(苏)В·В·格拉西莫夫等著@F(su)В·В·ge la xi mo fu deng zhu@g卢大容等译@Glu da rong deng yi
210    @a北京@c原子能出版社@d1974
215 1  @a263页@d20cm
606 0  @a反应堆材料
606 0  @a反应堆材料@x性能
690    @aTL34@v4
701  0 @a格拉西莫夫@Age la xi mo fu@4著
702  0 @a卢大容@Alu da rong@4译
801  0 @aCN@bPFT@c20060302
905    @a10447@dTL34@e1
    
    腐蚀与辐照/(苏)В·В·格拉西莫夫等著/卢大容等译.-北京:原子能出版社,1974
    263页;20cm
    
    
    ISBN :CNY1.15
    
●
相关链接 在E读中查询图书 在五车中查询图书 在当当中查询图书 在豆瓣中查询图书


正题名:腐蚀与辐照     索取号:TL34/1         预约/预借

序号 登录号 条形码 馆藏地/架位号 状态 备注
1 0017912   202184180   密集书库/ [索取号:TL34/1] 在馆    
唐山师范学院图书馆 欢迎您!
大连网信软件有限公司© 版权所有